000 00809nab a2200241 u 4500
001 08503
003 HDC
007 cr bn ---aaaaa
008 210130c mydr|nes 0 a may d
040 _aHDC
100 _aNorlaila Hamima Jamaluddin
_eauthor
_98962
245 0 _aUbah tabiat makan
_cby Norlaila Hamima Jamaluddin
260 _aKuala Lumpur :
_b[publisher not identified],
_c2013
336 _atext
_2rdacontent
337 _acomputer
_2rdamedia
338 _aonline resource
_2rdacarrier
650 _aFood industry
_9536
650 _aHealth education
_98963
856 _zRequest full-text at [email protected]
942 _2lcc
942 _cNEWS
942 _kNWSC 001346
999 _c5826
_d5826